书目信息 |
| 题名: |
东岳泰山
|
|
| 作者: | 徐本坚 编著 ;责任编辑陈菲亚 | |
| 分册: | ||
| 出版信息: | 北京 科学出版社 1982.8 |
|
| 页数: | 97页 | |
| 开本: | 19cm | |
| 丛书名: | ||
| 单 册: | ||
| 中图分类: | K928.3 | |
| 科图分类: | ||
| 主题词: | 地理--中国 | |
| 电子资源: | ||
| ISBN: | ||
| 000 | 00597nam0 2200205 45 | |
| 001 | 0309231681 | |
| 005 | 20031219104115.2 | |
| 010 | @dCNY0.65 | |
| 100 | @a20030923d1982 km y0chiy0120 ea | |
| 101 | 0 | @achi |
| 105 | @aa z 000yy | |
| 200 | 1 | @a东岳泰山@ADong Yue Tai Shan@f徐本坚编著@FXu Ben Jian Bian Zhu@g责任编辑陈菲亚 |
| 210 | @a北京@c科学出版社@d1982.8 | |
| 215 | @a97页@c附图:照片@d19cm | |
| 606 | 0 | @a地理@x中国 |
| 690 | @aK928.3@v3 | |
| 701 | 0 | @a徐本坚@4编著 |
| 702 | 0 | @a责任编辑陈菲亚@AZe Ren Bian Ji Chen Fei Ya |
| 801 | @aCN@bTSTC@c20030923 | |
| 905 | @dK928.3@e165@f2@b228793-794 | |
| 东岳泰山/徐本坚编著/责任编辑陈菲亚.-北京:科学出版社,1982.8 |
| 97页:附图:照片;19cm |
| ISBN :CNY0.65 |
| ● |
| 相关链接 |
|
|
|
|
正题名:东岳泰山
索取号:K928.3/165
 
预约/预借
| 序号 | 登录号 | 条形码 | 馆藏地/架位号 | 状态 | 备注 |
| 1 | 0228793 | 001840324 | 密集书库/ [索取号:K928.3/165] | 在馆 | |
| 2 | 0228794 | 001840360 | 密集书库/ [索取号:K928.3/165] | 在馆 |